[Event "GER HS-247 email"]
[Site "GER email"]
[Date "2018.11.16"]
[Round "?"]
[White "Froembgen, Andreas"]
[Black "Mislin, Roger"]
[Result "1/2-1/2"]
[WhiteElo "1771"]
[BlackElo "2050"]
[PlyCount "65"]
[EventDate "2018.11.25"]
[EventType "tourn (corr)"]
[EventRounds "6"]
[EventCountry "GER"]
[SourceTitle "Corr 2022"]
[Source "ChessBase"]
[SourceDate "2021.10.24"]
[SourceVersion "1"]
[SourceVersionDate "2021.10.24"]
[SourceQuality "1"]

1. c4 Nf6 2. g3 g6 3. Bg2 Bg7 4. Nc3 0-0 5. d4 d6 6. Nf3 Nbd7 7. 0-0 e5 8. e4 c6 9. b3 Qb6 10. Rb1 Re8 11. h3 exd4 12. Nxd4 Nc5 13. Re1 Bd7 14. Be3 Nfxe4 15. Nxe4 Nxe4 16. Ne6 Nc3 17. Qc1 Qa5 18. Nxg7 Rxe3 19. Rxe3 Nxb1 20. Qxb1 Kxg7 21. Re7 Be6 22. Rxb7 d5 23. Qb2+ Kg8 24. cxd5 cxd5 25. Qd4 Qxa2 26. Bxd5 Qb1+ 27. Kh2 Qf5 28. Bxe6 Qxe6 29. b4 a6 30. Rb6 Qe2 31. h4 h5 32. Rf6 Rf8 33. Rd6 1/2-1/2